Сверхспособности человека. Разнообразие подходов: научный, религиозный, магический; Актуальные проблемы гуманитарных наук

التفاصيل البيبلوغرافية
Parent link:Актуальные проблемы гуманитарных наук.— 2013.— [С. 281-282]
المؤلف الرئيسي: Усолкина А. О.
الملخص:Заглавие с экрана
اللغة:الروسية
منشور في: 2013
سلاسل:Управление человеческими ресурсами
الموضوعات:
الوصول للمادة أونلاين:http://www.lib.tpu.ru/fulltext/c/2013/C20/139.pdf
التنسيق: الكتروني فصل الكتاب
KOHA link:https://koha.lib.tpu.ru/cgi-bin/koha/opac-detail.pl?biblionumber=240667

MARC

LEADER 00000naa2a2200000 4500
001 240667
005 20251209094139.0
035 |a (RuTPU)RU\TPU\book\261925 
035 |a RU\TPU\book\261868 
090 |a 240667 
100 |a 20130624d2013 k y0rusy50 ca 
101 0 |a rus 
102 |a RU 
135 |a drcn ---uucaa 
181 0 |a i  
182 0 |a b 
200 1 |a Сверхспособности человека. Разнообразие подходов: научный, религиозный, магический  |f А. О. Усолкина 
203 |a Текст  |c электронный 
215 |a 1 файл(309 Кб) 
225 1 |a Управление человеческими ресурсами 
300 |a Заглавие с экрана 
320 |a [Библиогр.: с. 282 (4 назв.)] 
337 |a Adobe Reader 
463 1 |0 (RuTPU)RU\TPU\book\259431  |t Актуальные проблемы гуманитарных наук  |o сборник научных трудов ХII Международной научно-практической конференции студентов, аспирантов и молодых ученых 3-6 апреля 2013 г., г. Томск  |f Национальный исследовательский Томский политехнический университет (ТПУ)  |v [С. 281-282]  |d 2013 
610 1 |a электронный ресурс 
610 1 |a труды учёных ТПУ 
610 1 |a сверхспособности 
610 1 |a человек 
610 1 |a научные позиции 
610 1 |a религиозные представления 
610 1 |a магические ритуалы 
700 1 |a Усолкина  |b А. О. 
801 1 |a RU  |b 63413507  |c 20101016 
801 2 |a RU  |b 63413507  |c 20130624  |g RCR 
856 4 |u http://www.lib.tpu.ru/fulltext/c/2013/C20/139.pdf 
942 |c CF